000 00823nam a2200277Ia 4500
001 Para_7458
003 CHAP
008 220125s1999 xx 000 0 und d
010 _a206346
040 _cCHAP
082 _aPA-C 632.3 M4
100 _aVarela, G.
_9153364
245 _aLa microflora del aparato digestivo de la schistocerca paranensis burm en México /
_c por G. Varela
260 _aMéxico :
_b s.e.
300 _a3 h.
500 _aEncuadernado con otros impresos similares
650 _aFitopatología
_x colecciones de escritos
_9172523
650 _aSchistocerca paranensis
_x Parásitos
_9172652
901 _aPA-C 632.3 M4
902 _aA
905 _a00000019-- 0000000000 00
910 _a19--
942 _cPARA
942 _cPARA
_d1
999 _c206346
_d206346